[Event "Baku ol (Women) 42nd"]
[Site "Baku"]
[Date "2016.09.10"]
[Round "8.1"]
[White "Antonova, Nadezhda"]
[Black "Guindy, Esmat"]
[Result "1-0"]
[WhiteElo "2015"]
[BlackElo "2149"]
[PlyCount "59"]
[EventDate "2016.09.02"]
[EventType "team-swiss"]
[EventRounds "11"]
[EventCountry "AZE"]
[SourceTitle "CBM 174 Extra"]
[Source "ChessBase"]
[SourceDate "2016.10.10"]
[SourceVersion "1"]
[SourceVersionDate "2016.10.10"]
[SourceQuality "1"]
[WhiteTeam "Tajikistan"]
[BlackTeam "Danmark "]
[WhiteTeamCountry "TJK"]
[BlackTeamCountry "DEN"]

1. d4 d5 2. Nf3 Bf5 3. c4 e6 4. cxd5 exd5 5. Qb3 Nc6 6. a3 Rb8 7. Nc3 Nge7 8.
Bf4 a6 9. e3 f6 10. Be2 Qd7 11. O-O Be6 12. Qc2 g5 13. Bg3 Nf5 14. Rad1 h5 15.
e4 Nxg3 16. fxg3 Ne7 17. exd5 Nxd5 18. Nxd5 Bxd5 19. Bc4 Be7 20. Bxd5 Qxd5 21.
Qxc7 Rd8 22. Qc2 h4 23. g4 h3 24. g3 Kf7 25. Ne5+ Ke6 26. Rfe1 fxe5 27. Qf5+
Kd6 28. dxe5+ Kc6 29. Rxd5 Rxd5 30. Qe6+ 1-0

[Event "Baku ol (Women) 42nd"]
[Site "Baku"]
[Date "2016.09.10"]
[Round "8.2"]
[White "Vangsgaard, Freja"]
[Black "Nasriddinzoda, Marvorii"]
[Result "0-1"]
[WhiteElo "1983"]
[BlackElo "2073"]
[PlyCount "76"]
[EventDate "2016.09.02"]
[EventType "team-swiss"]
[EventRounds "11"]
[EventCountry "AZE"]
[SourceTitle "CBM 174 Extra"]
[Source "ChessBase"]
[SourceDate "2016.10.10"]
[SourceVersion "1"]
[SourceVersionDate "2016.10.10"]
[SourceQuality "1"]
[WhiteTeam "Danmark "]
[BlackTeam "Tajikistan"]
[WhiteTeamCountry "DEN"]
[BlackTeamCountry "TJK"]

1. d4 Nf6 2. c4 e6 3. Nc3 d6 4. e4 Nbd7 5. Bd3 c5 6. d5 e5 7. Nge2 g6 8. O-O a6
9. a4 Bg7 10. Ng3 O-O 11. Bd2 h5 12. f3 Nh7 13. Qb1 a5 14. Nb5 Ndf6 15. f4 Ng4
16. h3 exf4 17. Nxh5 gxh5 18. hxg4 hxg4 19. Bxf4 Be5 20. Bxe5 dxe5 21. g3 Ra6
22. Kg2 Ng5 23. Rh1 Kg7 24. Qc1 Rg6 25. Qe3 b6 26. Raf1 Nh3 27. Re1 Rh8 28. Rh2
Rgh6 29. Reh1 Qf6 30. Qe2 Ng5 31. Rxh6 Rxh6 32. Rxh6 Qxh6 33. Qf1 Nf3 34. Qh1
Qd2+ 35. Kf1 Qxd3+ 36. Kf2 Qd2+ 37. Kf1 Qe1+ 38. Kg2 Qe2# 0-1

[Event "Baku ol (Women) 42nd"]
[Site "Baku"]
[Date "2016.09.10"]
[Round "8.3"]
[White "Hotami, Mutriba"]
[Black "Fredericia, Louise Winther"]
[Result "1/2-1/2"]
[WhiteElo "1735"]
[BlackElo "2117"]
[PlyCount "140"]
[EventDate "2016.09.02"]
[EventType "team-swiss"]
[EventRounds "11"]
[EventCountry "AZE"]
[SourceTitle "CBM 174 Extra"]
[Source "ChessBase"]
[SourceDate "2016.10.10"]
[SourceVersion "1"]
[SourceVersionDate "2016.10.10"]
[SourceQuality "1"]
[WhiteTeam "Tajikistan"]
[BlackTeam "Danmark "]
[WhiteTeamCountry "TJK"]
[BlackTeamCountry "DEN"]

1. e4 c5 2. Nf3 Nc6 3. d4 cxd4 4. Nxd4 g6 5. c4 Bg7 6. Nc2 d6 7. Nc3 Nh6 8. Be2
f5 9. Ne3 O-O 10. O-O f4 11. Ng4 Nxg4 12. Bxg4 Ne5 13. Be2 Be6 14. Nd5 g5 15.
f3 Qd7 16. Rb1 Rac8 17. b3 Kh8 18. Bb2 Rg8 19. Bd4 Nc6 20. Bxg7+ Rxg7 21. Kf2
Qd8 22. Re1 h5 23. h3 Bf7 24. Qd2 e5 25. Rh1 Kg8 26. Rbd1 Bxd5 27. Qxd5+ Kf8
28. Qxd6+ Qxd6 29. Rxd6 Nd4 30. Rh6 Kf7 31. Rd6 Ke7 32. Rd5 Ke6 33. Rc1 b5 34.
c5 Rgc7 35. Ke1 Rc6 36. Rc3 Ra6 37. a4 Nxe2 38. Kxe2 bxa4 39. bxa4 Rxa4 40.
Rd6+ Ke7 41. Rd5 Ra2+ 42. Kd3 Rxg2 43. c6 g4 44. Rxe5+ Kd6 45. Rd5+ Ke6 46.
hxg4 hxg4 47. Rf5 gxf3 48. Rxf4 f2 49. Ke2 Ke5 50. Rxf2 Rxf2+ 51. Kxf2 Kxe4 52.
c7 Kd4 53. Rc1 Kd5 54. Ke3 Kd6 55. Kd4 Rxc7 56. Rxc7 Kxc7 57. Kc4 Kb6 58. Kb4
Ka6 59. Ka4 Kb6 60. Kb4 a5+ 61. Ka4 Ka6 62. Kb3 Kb5 63. Ka3 a4 64. Kb2 Kb4 65.
Ka2 Kc4 66. Ka3 Kb5 67. Kb2 Kb4 68. Ka2 a3 69. Kb1 Kb3 70. Ka1 a2 1/2-1/2

[Event "Baku ol (Women) 42nd"]
[Site "Baku"]
[Date "2016.09.10"]
[Round "8.4"]
[White "Kakulidis, Ellen"]
[Black "Odinaeva, Saodat"]
[Result "1-0"]
[WhiteElo "1928"]
[BlackElo "1881"]
[PlyCount "93"]
[EventDate "2016.09.02"]
[EventType "team-swiss"]
[EventRounds "11"]
[EventCountry "AZE"]
[SourceTitle "CBM 174 Extra"]
[Source "ChessBase"]
[SourceDate "2016.10.10"]
[SourceVersion "1"]
[SourceVersionDate "2016.10.10"]
[SourceQuality "1"]
[WhiteTeam "Danmark "]
[BlackTeam "Tajikistan"]
[WhiteTeamCountry "DEN"]
[BlackTeamCountry "TJK"]

1. d4 d5 2. c4 e6 3. Nc3 Bb4 4. cxd5 exd5 5. Nf3 Nf6 6. a3 Be7 7. Bg5 O-O 8. e3
Bf5 9. Qb3 Nbd7 10. Nxd5 c5 11. Nxe7+ Qxe7 12. Be2 cxd4 13. Nxd4 Be4 14. O-O
Nc5 15. Qb4 b6 16. Nb3 Rac8 17. Bxf6 gxf6 18. Rac1 Qe5 19. Nxc5 bxc5 20. Qc3
Qg5 21. f3 Bd5 22. Rf2 Rfe8 23. f4 Qf5 24. Bf3 Be4 25. Qa5 Re7 26. Bxe4 Rxe4
27. Rf3 Re7 28. b4 Qd3 29. Rxc5 Rce8 30. Rd5 Qe2 31. Qb5 Qe1+ 32. Qf1 Qc3 33.
Rd3 Qc6 34. h3 Qb6 35. Qc1 Qb5 36. Rc3 Qb7 37. Kh2 Kh8 38. Rc5 Rg8 39. Qc3 Rg6
40. Rc8+ Kg7 41. Rc5 Re8 42. Rg3 Rg8 43. Rxg6+ Kxg6 44. Rc7 Qb6 45. Qc4 Rg7 46.
f5+ Kh5 47. g4+ 1-0

[Event "Baku ol (Women) 42nd"]
[Site "Baku"]
[Date "2016.09.12"]
[Round "10.1"]
[White "Vovk, Oksana"]
[Black "Baktach, Nesrine"]
[Result "1-0"]
[WhiteElo "2204"]
[BlackElo "1637"]
[PlyCount "61"]
[EventDate "2016.09.02"]
[EventType "team-swiss"]
[EventRounds "11"]
[EventCountry "AZE"]
[SourceTitle "CBM 174 Extra"]
[Source "ChessBase"]
[SourceDate "2016.10.10"]
[SourceVersion "1"]
[SourceVersionDate "2016.10.10"]
[SourceQuality "1"]
[WhiteTeam "Danmark "]
[BlackTeam "Tunisien"]
[WhiteTeamCountry "DEN"]
[BlackTeamCountry "TUN"]

1. d4 Nf6 2. c4 e6 3. Nf3 Bb4+ 4. Nbd2 O-O 5. a3 Be7 6. e3 c5 7. Bd3 Nc6 8. b3
b6 9. Bb2 Bb7 10. O-O cxd4 11. exd4 d5 12. Qe2 Qc7 13. Rac1 Rac8 14. Rfe1 Rfd8
15. c5 bxc5 16. dxc5 a5 17. Bb5 Rb8 18. Bxc6 Qxc6 19. Nd4 Qc8 20. b4 axb4 21.
axb4 Bc6 22. b5 Be8 23. c6 Qc7 24. Nxe6 fxe6 25. Qxe6+ Bf7 26. Qxe7 Qxe7 27.
Rxe7 Rxb5 28. Rb7 Ra5 29. Nb3 Raa8 30. Nd4 h6 31. Nf5 1-0

[Event "Baku ol (Women) 42nd"]
[Site "Baku"]
[Date "2016.09.12"]
[Round "10.2"]
[White "Meddeb, Chadha"]
[Black "Guindy, Esmat"]
[Result "0-1"]
[WhiteElo "1585"]
[BlackElo "2149"]
[PlyCount "52"]
[EventDate "2016.09.02"]
[EventType "team-swiss"]
[EventRounds "11"]
[EventCountry "AZE"]
[SourceTitle "CBM 174 Extra"]
[Source "ChessBase"]
[SourceDate "2016.10.10"]
[SourceVersion "1"]
[SourceVersionDate "2016.10.10"]
[SourceQuality "1"]
[WhiteTeam "Tunisien"]
[BlackTeam "Danmark "]
[WhiteTeamCountry "TUN"]
[BlackTeamCountry "DEN"]

1. e4 e6 2. d4 d5 3. exd5 exd5 4. Bd3 Bd6 5. Nc3 c6 6. Nge2 Qc7 7. Be3 Ne7 8.
Qd2 Nd7 9. f3 Bxh2 10. O-O-O Bd6 11. Bxh7 g6 12. Bxg6 Nxg6 13. Rxh8+ Nxh8 14.
Bg5 Nf8 15. Qe3+ Be6 16. f4 Be7 17. Bxe7 Qxe7 18. Qf3 f5 19. Qh5+ Nhg6 20. Rh1
O-O-O 21. g3 Bd7 22. Nd1 Re8 23. Kd2 c5 24. c3 c4 25. Nc1 Qe4 26. Rg1 Ba4 0-1

[Event "Baku ol (Women) 42nd"]
[Site "Baku"]
[Date "2016.09.12"]
[Round "10.3"]
[White "Fredericia, Louise Winther"]
[Black "Ben Said, Safa"]
[Result "1-0"]
[WhiteElo "2117"]
[BlackElo "1563"]
[PlyCount "53"]
[EventDate "2016.09.02"]
[EventType "team-swiss"]
[EventRounds "11"]
[EventCountry "AZE"]
[SourceTitle "CBM 174 Extra"]
[Source "ChessBase"]
[SourceDate "2016.10.10"]
[SourceVersion "1"]
[SourceVersionDate "2016.10.10"]
[SourceQuality "1"]
[WhiteTeam "Danmark "]
[BlackTeam "Tunisien"]
[WhiteTeamCountry "DEN"]
[BlackTeamCountry "TUN"]

1. e4 e6 2. d4 d5 3. Nc3 Bb4 4. Nge2 Ne7 5. a3 Bxc3+ 6. Nxc3 dxe4 7. Nxe4 Nbc6
8. Be3 Nf5 9. Bb5 Qd5 10. Qd3 Nxe3 11. fxe3 Bd7 12. O-O-O Ne5 13. Bxd7+ Nxd7
14. Rhf1 f6 15. c4 Qc6 16. Kb1 O-O-O 17. Qc2 Nb6 18. b3 Rhf8 19. Ka2 Kb8 20.
Rd2 f5 21. Ng5 h6 22. Nf3 Nd7 23. Rfd1 Nf6 24. d5 exd5 25. Qxf5 Ne4 26. Qxe4
dxe4 27. Rxd8+ 1-0

[Event "Baku ol (Women) 42nd"]
[Site "Baku"]
[Date "2016.09.12"]
[Round "10.4"]
[White "Miladi, Amen"]
[Black "Kakulidis, Ellen"]
[Result "0-1"]
[WhiteElo "1491"]
[BlackElo "1928"]
[PlyCount "91"]
[EventDate "2016.09.02"]
[EventType "team-swiss"]
[EventRounds "11"]
[EventCountry "AZE"]
[SourceTitle "CBM 174 Extra"]
[Source "ChessBase"]
[SourceDate "2016.10.10"]
[SourceVersion "1"]
[SourceVersionDate "2016.10.10"]
[SourceQuality "1"]
[WhiteTeam "Tunisien"]
[BlackTeam "Danmark "]
[WhiteTeamCountry "TUN"]
[BlackTeamCountry "DEN"]

1. e4 e6 2. d4 d5 3. Nc3 Bb4 4. exd5 exd5 5. Bd3 Nc6 6. Nge2 Be6 7. a3 Bxc3+ 8.
bxc3 Qd7 9. O-O Nge7 10. Ng3 O-O 11. Bd2 Na5 12. f4 Bg4 13. Qe1 Nf5 14. Ne2 Nd6
15. Ng3 Rfe8 16. Qf2 Nf5 17. Ne2 Nc4 18. Bc1 Nfe3 19. Bxe3 Nxe3 20. Rfe1 Bf5
21. Bxf5 Nxf5 22. Ng3 Nd6 23. f5 f6 24. Qf3 c6 25. Qg4 Nc4 26. Nh5 Kh8 27. Qh3
Nd6 28. Rf1 Re7 29. Rf3 Rae8 30. Raf1 Ne4 31. Nf4 Kg8 32. Qh5 Ng5 33. Rg3 Re1
34. h4 Rxf1+ 35. Kxf1 Qe7 36. Qxe8+ Qxe8 37. hxg5 fxg5 38. Ne6 h6 39. Kf2 Kf7
40. Re3 Qb8 41. Re5 Qd6 42. g4 b6 43. Ke2 c5 44. a4 cxd4 45. cxd4 Qd7 46. Kf3
0-1